| 000 | 00367 a2200169 4500 | ||
|---|---|---|---|
| 001 | 190340 | ||
| 020 | _a978-85-01-09559-6 | ||
| 040 | _cMagnum | ||
| 100 | _aSmith, L. J. | ||
| 240 | 1 | 0 |
_aO círculo secreto _lpor |
| 245 | 1 | 0 | _aO círculo secreto |
| 300 | _a255 | ||
| 362 | 0 | _a2011 | |
| 440 | 1 | _aRecord | |
| 697 | _aLITERATURA JUVENIL ESTRANGEIRA | ||
| 942 | _cBK | ||
| 999 |
_c190340 _d190340 |
||